| 000 | 00624nam a22001937a 4500 | ||
|---|---|---|---|
| 005 | 20251108164901.0 | ||
| 008 | 250721s2007 xx 000 0 ara d | ||
| 082 | 1 | 4 | _aم/305.620/مرك |
| 100 | 1 | _aالقضاة، أحمد | |
| 245 | 1 | 0 | _aنصارى القدس : دراسة في ضوء الوثائق العثمانية / |
| 264 | 1 |
_aبيروت : _bمركز دراسات الوحة العربية، _c2007. |
|
| 300 | _a576ص. | ||
| 490 | 0 |
_aسلسلة أطروحات الدكتوراه _v67 |
|
| 650 | 1 | 7 | _aالتاريخ |
| 650 | 1 | 7 | _aالقدس |
| 650 | 1 | 7 | _aالمسيحيه |
| 942 |
_2ddc _cREF |
||
| 999 |
_c16628 _d16628 |
||